Williams w F1 - zwycięzcy - Statystyki

Ogólne statystyki
  • Ten quiz został rozwiązany 19 razy
  • Średni wynik to 8 z 16
Statystyki odpowiedzi
Ostatnie wygrane GP (w Williamsie) Kierowca % Poprawnych
GP Niemiec 1993 Alain Prost
85%
GP Japonii 1996 Damon Hill
85%
GP Australii 1994 Nigel Mansell
85%
GP Hiszpani 2012 Pastor Maldonado
85%
GP Luksemburgu 1997 Jacques Villeneuve
77%
GP Brazylii 2004 Juan-Pablo Montoya
77%
GP Francji 2003 Ralf Schumacher
69%
GP Włoch 1987 Nelson Piquet
54%
GP Ceasars Palace 1981 Alan Jones
46%
GP Portugalii 1995 David Coulthard
46%
GP Japonii 1992 Riccardo Patrese
38%
GP San Marino 1997 Heinz-Harald Frentzen
31%
GP Australii 1985 Keke Rosberg
31%
GP Węgier 1990 Thierry Boutsen
23%
GP Belgii 1981 Carlos Reutemann
15%
GP Wielkiej Brytanii 1979 Clay Regazzoni
0%
Nie znaleziono quizów pasujących do podanych kryteriów
Rozkład punktacji
Procent ludzi z każdym wynikiem
Percentyl według liczby udzielonych odpowiedzi
Twoja historia wyników
Nie rozwiązałeś tego quizu